The Man Who Carried the Cross for Jesus (Record no. 11808)

MARC details
000 -LEADER
fixed length control field 00266nam a22000977a 4500
008 - FIXED-LENGTH DATA ELEMENTS--GENERAL INFORMATION
fixed length control field 200220b ||||| |||| 00| 0 eng d
020 ## - INTERNATIONAL STANDARD BOOK NUMBER
International Standard Book Number 0570061245
100 ## - MAIN ENTRY--PERSONAL NAME
Personal name Head Constance
9 (RLIN) 7488
245 ## - TITLE STATEMENT
Title The Man Who Carried the Cross for Jesus
260 ## - PUBLICATION, DISTRIBUTION, ETC. (IMPRINT)
Place of publication, distribution, etc. USA
Name of publisher, distributor, etc. Arch Books
Date of publication, distribution, etc. 1979
Holdings
Withdrawn status Lost status Source of classification or shelving scheme Damaged status Koha normalized classification for sorting Not for loan Home library Current library Shelving location Date acquired Total Checkouts Full call number Barcode Date last seen Price effective from Koha item type
    Dewey Decimal Classification   226_000000000000000_JUNLIB   Good Samaritan School Library Good Samaritan School Library RELIGION 02/20/2020   226 JUNLIB HEA15839 02/20/2020 02/20/2020 BOOK

Powered by Koha